La piel del tambor / (Registro nro. 11347)
[ vista simple ]
| 000 -LIDER | |
|---|---|
| fixed length control field | 00840nam a22002777a 4500 |
| 001 - NÚMERO DE CONTROL | |
| Identificador de número de control | 000481 |
| 003 - IDENTIFICACDOR DE NÚMERO DE CONTROL | |
| control field | DO-SdBNP |
| 005 - DATE AND TIME OF LATEST TRANSACTION | |
| control field | 20240319130458.0 |
| 007 - CAMPOS FIJOS DE DESCRIPCIÓN FÍSICA | |
| fixed length control field | 000481 |
| 008 - ELEMENTOS DE LONGITUD FIJA | |
| fixed length control field | 160906b 2007 sp 00| 0 spa d |
| 020 ## - ISBN | |
| International Standard Book Number | 9788497592642 |
| 040 ## - FUENTE DE CATALOGACIÓN | |
| Agencia que crea de manera original el registro | BPMSU |
| Idioma de catalogación | spa |
| Agencia que realiza la transcripción | BPMSU |
| 082 #4 - NÚMERO DE CLASIFICACIÓN DECIMAL DE DEWEY | |
| Classification number | 863.6 |
| Item number | P438p 2007 |
| Edition number | 22 |
| 100 1# - ASIENTO PRINCIPAL -- NOMBRE PERSONAL | |
| Nombre personal | Pérez-Reverte, Arturo, |
| Fechas asociadas con el nombre | 1951- |
| 9 (RLIN) | 53 |
| 245 13 - MENCIÓN DE TITULO | |
| Título | La piel del tambor / |
| Mención de responsabilidad | Arturo Pérez-Reverte. |
| 250 ## - MENCIÓN DE EDICION | |
| Mención de edición | 5ª ed. |
| 260 ## - PUBLICACIÓN, DISTRIBUCIÓN, ETC. (PIE DE IMPRENTA) | |
| Lugar de publicación, distribución, etc | Barcelona : |
| Nombre del editor, distribuidor, etc. | Random House Mondadori, |
| Fecha de publicación, distribución, etc | 2007 |
| 300 ## - DESCRIPCIÓN FÍSICA | |
| Extensión | 525 p. ; |
| Otros detalles físicos | 19 cm. |
| 490 0# - MENCIÓN DE SERIES | |
| Mención de serie | Biblioteca Arturo Pérez-Reverte; |
| -- | Bestseller, |
| Volume/sequential designation | 406/2 |
| 500 ## - NOTA GENERAL | |
| Nota general | Incluye datos biográficos del autor en la : p. 4 |
| 590 ## - NOTA LOCAL | |
| Texto de la nota local | Inventariado, 2024/VM |
| 650 #4 - ENCABEZAMIENTO DE MATERIA--TEMÁTICO | |
| Término temático o nombre geográfico como elemento de entrada | Novela española |
| 650 #4 - ENCABEZAMIENTO DE MATERIA--TEMÁTICO | |
| Término temático o nombre geográfico como elemento de entrada | Literatura española |
| 910 ## - VALIDACIÓN | |
| Validación | VMateo V. Control de calidad BPMSU |
| 942 ## - ADDED ENTRY ELEMENTS (KOHA) | |
| Source of classification or shelving scheme | Dewey Decimal Classification |
| Koha item type | Libros |
| Withdrawn status | Lost status | Source of classification or shelving scheme | Damaged status | Not for loan | Collection code | Home library | Current library | Date acquired | Source of acquisition | Total Checkouts | Full call number | Barcode | Date last seen | Price effective from | Koha item type |
|---|---|---|---|---|---|---|---|---|---|---|---|---|---|---|---|
| Dewey Decimal Classification | Colección General | Biblioteca Pública Metropolitana Salomé Ureña | Biblioteca Pública Metropolitana Salomé Ureña | 09/06/2016 | FUNDI | BPMSU CG 863.6 P438p 2007 | BPMSU16090224 | 09/06/2016 | 09/06/2016 | Libros |